| 000 | 00569nam a22001937a 4500 | ||
|---|---|---|---|
| 005 | 20241029122842.0 | ||
| 010 | _aENG-142528 | ||
| 020 | _c250.00 | ||
| 035 | _aEN-126060 | ||
| 037 | _bDBAD/PUB | ||
| 082 | _a921 | ||
| 100 |
_aChakarbarti, Sumita _973620 |
||
| 245 |
_aThree Dimensions of Rabindranath Tagore/ _cSumita Chakarba |
||
| 250 | _aFirst | ||
| 260 |
_aKolkata _bPatralekha _c2011 |
||
| 270 |
_bKolkata _aGunen sil,10B College Row,Kolkatā 9, W.B _e700032 _k9831110963 |
||
| 300 |
_a69p. _c22cm(hbk) |
||
| 942 |
_2ddc _cEN _h921 _mCHA _e2011 |
||
| 999 |
_c206849 _d206849 |
||